| 000 | 00542nam a2200169 a 4500 | ||
|---|---|---|---|
| 005 | 20150106162243.0 | ||
| 008 | 140130b2008 ck ||||| |||| 00| 0 spa d | ||
| 040 |
_aCO-BoIAVH _cCO-BoIAVH |
||
| 041 | _aspa | ||
| 044 | _ack | ||
| 090 |
_aIAVH _b01292 |
||
| 100 |
_aChamorro García, Fermín José _96062 |
||
| 245 | _aDeterminación de la oferta floral apícola como mecanismo para optimizar producción, diferenciar productos de la colmena y mejorar competitividad | ||
| 260 |
_aBogotá _bIAVH _c2008 |
||
| 300 | _a40 p. | ||
| 942 |
_cINFORME _2z |
||
| 999 |
_c6765 _d6765 |
||